Monde - Les pays les plus féminisés - Statistiques

Statistiques générales
  • Ce quiz a été pris 71 fois
  • Le résultat moyen est 12 sur 28
Statistiques - réponses
RANG PAYS % Correct
4 Russie
87%
6 Estonie
72%
1 Lettonie
72%
2 Lituanie
72%
3 Ukraine
66%
18 Pologne
63%
5 Biélorussie
62%
21 Roumanie
59%
26 Bulgarie
57%
28 Italie
57%
14 Moldavie
57%
16 Croatie
56%
10 Hongrie
53%
25 Slovaquie
53%
9 Portugal
50%
7 Arménie
49%
11 Géorgie
47%
19 Kazakhstan
41%
23 Népal
22%
15 Sri Lanka
15%
12 Barbade
13%
24 Namibie
13%
17 Uruguay
13%
27 Zimbabwe
13%
13 Antigua-et-Barbuda
10%
20 Eswatini
10%
22 Lesotho
10%
8 Salvador
9%
Aucun quiz correspondant
Distribution des résultats
% des personnes avec chaque résultat
Percentile par nombre de réponses
Votre historique - résultats
Vous n’avez pas pris ce quiz